Schaum's outline of German vocabulary (Record no. 34577)

MARC details
000 -LEADER
fixed length control field 00437nam a2200181Ia 4500
020 ## - INTERNATIONAL STANDARD BOOK NUMBER
ISBN 0- 07- 07- 1117- 8
050 ## - CALL MARK
Classification number PF3074.73.W45
100 ## - STATEMENT OF RESPONSIBILITY--MAIN AUTHOR NAME
Personal name Edda Weiss
245 #0 - TITLE STATEMENT
Title Schaum's outline of German vocabulary
250 ## - EDITION / VOLUME STATEMENT
Edition / Volume statement 2nd
260 ## - PUBLICATION, DISTRIBUTION, ETC. (IMPRINT)
Name of publisher MCGraw Hill
260 ## - PUBLICATION, DISTRIBUTION, ETC. (IMPRINT)
Year of publication 1998
300 ## - PHYSICAL DESCRIPTION
Number of Pages 223 p
650 ## - SUBJECT ADDED ENTRY--TOPICAL TERM
Topical Term German language- Vocabulary
942 ## - ADDED ENTRY ELEMENTS (KOHA)
Koha item type Books
Holdings
Withdrawn status Lost status Source of classification or shelving scheme Damaged status Not for loan Permanent Location Current Location Date acquired Accession Number Price effective from Koha item type
    Library of Congress Classification     NILE UNIVERSITY OF NIGERIA - MAIN LIBRARY NILE UNIVERSITY OF NIGERIA - MAIN LIBRARY 04/23/2025 0005531 04/23/2025 Books